000 00405nam a2200145Ia 4500
008 231019s9999 xx 000 0 und d
020 _a978-0-85732-709-3
082 _a657
_bLYN-I
100 _aFoulks Lynch
245 0 _aFIA Introductory Certificate Paper FA1 Recording Financial Transactions Exam Kit
260 _aUK
_bKaplan Publishing
_c2012
300 _a200
650 _aAccounting
999 _c34579
_d34579